00667nam a2200193 450000500170000000700040001700800040002102000150002504000090004005000200004910000150006924501420008425000150022626000600024130000300030144000490033150000680038065000250044820141204150959.0000000 a2850040037 aUOEL aQL575b.A9 1976 aAuber, Luc aAtlas des coleopteres de france Belgique, Susse :baqarelles par mile Germaine BOCA preparatrice au laboratoire d'entomologie du museum / aQuatrieme  aParis :bSociete Nouvelle Des Editions Boubee ,cc1976. a232p. :bill. col. plates aMembre de la societe entomologique de France aTome 1. Generalites - Carabes - Staphylins Dytiques - Scarabees aColeopteresxZoology